| 000 | 00662nam a2200181 i 4500 | ||
|---|---|---|---|
| 001 | 188829 | ||
| 003 | ES-MaACL | ||
| 005 | 20250826070628.0 | ||
| 007 | t| | ||
| 008 | 190218s1965 xxk ||||1| spa d | ||
| 110 | 2 |
_aGran Bretaña. _bCentral Office of Information. _bReference Division. _9166342 |
|
| 245 | 1 | 4 |
_aRelaciones laborales y condiciones de trabajo en Gran Bretaña / _c[Servicios Británicos de Información]. |
| 260 |
_aLondon : _bReference Division, Central Office of Information, _c[1965] |
||
| 300 |
_a43 p. ; _c24 cm. |
||
| 650 | 7 |
_aTrabajo- _zGran Bretaña _2 _9161261 |
|
| 852 |
_aES-MaACL _jP-420-Bis-13 |
||
| 999 |
_c188829 _d188829 |
||